<?xml version="1.0" encoding="UTF-8"?>
<record
    xmlns:xsi="http://www.w3.org/2001/XMLSchema-instance"
    xsi:schemaLocation="http://www.loc.gov/MARC21/slim http://www.loc.gov/standards/marcxml/schema/MARC21slim.xsd"
    xmlns="http://www.loc.gov/MARC21/slim">

  <leader>00420    a2200121   4500</leader>
  <controlfield tag="001">ART_8074</controlfield>
  <controlfield tag="005">20260410161831.0</controlfield>
  <controlfield tag="008">260409a                                 </controlfield>
  <datafield tag="245" ind1="1" ind2="0">
    <subfield code="a">Como convertir a sus clientes en socios</subfield>
  </datafield>
  <datafield tag="100" ind1="1" ind2=" ">
    <subfield code="a">C&#xE1;mara Iba&#xF1;ez, Dionisio</subfield>
  </datafield>
  <datafield tag="700" ind1="1" ind2=" ">
    <subfield code="a">Eizaguirre Zarza, Almudena</subfield>
  </datafield>
  <datafield tag="773" ind1="0" ind2=" ">
    <subfield code="t">Bolet&#xED;n de estudios econ&#xF3;micos</subfield>
    <subfield code="g">Nuevas tendecnias en marketing - A&#xF1;o 55, N&#xBA; 171 (dic. 2000)</subfield>
    <subfield code="w">REV5142</subfield>
  </datafield>
  <datafield tag="999" ind1=" " ind2=" ">
    <subfield code="c">23254</subfield>
    <subfield code="d">23254</subfield>
  </datafield>
</record>
